Tools, techniques & approaches for sustainability : (رقم التسجيلة. 32421)

تفاصيل مارك
000 -الفاتح
حقل البيانات ثابتة الطول 01261cam a22003374a 4500
001 - رقم الضبط
رقم الضبط 16212356
003 - محدد رقم الضبط
رقم الضبط OSt
005 - وقت وتاريخ اخر تعامل مع التسجيلة
رقم الضبط 20150408114156.0
008 - عناصر البيانات ثابتة الطول - معلومات عامة
حقل البيانات ثابتة الطول 100430s2010 si a b 000 0 eng d
010 ## - رقم ضبط مكتبة الكونجرس
رقم ضبط مكتبة الكونجرس 2010293118
020 ## - الرقم الدولى المعيارى للكتب
الرقم الدولى المعيارى للكتاب 9789814289689
020 ## - الرقم الدولى المعيارى للكتب
الرقم الدولى المعيارى للكتاب 981428968X
020 ## - الرقم الدولى المعيارى للكتب
الرقم الدولى المعيارى للكتاب 9789814291170 (pbk.)
020 ## - الرقم الدولى المعيارى للكتب
الرقم الدولى المعيارى للكتاب 981429117X (pbk.)
035 ## - رقم ضبط النظام
رقم ضبط النظام (OCoLC)ocn505417080
040 ## - مصدر الفهرسة
وكالة الفهرسة الأصلية MNU
وكالة النسخ MNU
وكالة التعديل SINLB
-- UOH
-- DLC
042 ## - رمز التحقق
رمز التحقق lccopycat
050 00 - رقم طلب مكتبة الكونجرس
رقم التصنيف GE170
رقم المادة .T658 2010
082 00 - رقم تصنيف ديوى العشرى
رقم التصنيف 338.927
رقم الطبعة 22
رقم المادة TOT
245 00 - بيان العنوان
العنوان Tools, techniques & approaches for sustainability :
بقية العنوان collected writings in environmental assessment policy and management /
بيان المسئوليه,etc editor, William R. Sheate.
246 3# - العنوان الموازى
عنوان صحيح/عنوان مختصر Tools, techniques and approaches for sustainability
260 ## - PUBLICATION, DISTRIBUTION, ETC. (IMPRINT)
مكان الناشر او الموزع Singapore ;
-- Hackensack, NJ :
اسم الناشر او الموزع World Scientific Pub.,
تاريخ النشر أو التوزيع c2010.
300 ## - الوصف المادى
التعداد ix, 410 p. :
تفاصيل ماديه اخرى للوعاء ill. ;
أبعاد الوعاء 26 cm.
504 ## - تبصرة ببليوجرافية
تبصرة ببليوجرافية,الخ Includes bibliographical references.
650 #0 - المدخل الاضافى بالموضوع-مصطلح موضوعى
مصطلح موضوعي أو اسم جغرافي كعنصر مدخل Environmental policy.
650 #0 - المدخل الاضافى بالموضوع-مصطلح موضوعى
مصطلح موضوعي أو اسم جغرافي كعنصر مدخل Environmental management.
9 (RLIN) 40654
700 1# - المدخل الاضافى - اسم شخصى
الإسم الشخصى Sheate, William.
9 (RLIN) 40655
906 ## - عنصر بيانات محلى F, LDF (RLIN)
a 7
b cbc
c copycat
d 2
e ncip
f 20
g y-gencatlg
942 ## - عناصر المدخل الإضافي( كوها)
مصدر التصنيف او مخطط الترفيف Dewey Decimal Classification
Koha [default] item type DVD
المقتنيات
حالة الفقد نموذج السعر الفعال حالة تلف ليس للاعارة رقم الطلب تاريخ الاكتساب الموقع الحالي الفرع الرئيسي Date last seen نوع المادة فى نظام كوها مصدر التصنيف او خطة الترفيف Total Checkouts
  2013-11-18     338.927 TOT 2013-11-18 المكتبة المركزية بالمجمعة (CL) المكتبة المركزية بالمجمعة (CL) 2013-11-18 كتاب Dewey Decimal Classification